Countries Mac Miller Visited - Statistics

General Stats
  • This quiz has been taken 52 times
  • The average score is 21 of 26
Answer Stats
Continent Country % Correct
Europe France
98%
South America Brazil
96%
North America United States of America
96%
Oceania Australia
93%
Europe Germany
93%
North America Mexico
93%
Europe United Kingdom
93%
North America Canada
91%
Asia Japan
91%
South America Argentina
89%
Europe Belgium
82%
Europe Portugal
82%
Oceania New Zealand
80%
Europe Poland
80%
South America Chile
78%
Europe Finland
78%
Europe Norway
78%
Europe Sweden
78%
Europe Austria
76%
Europe Netherlands
76%
Africa South Africa
76%
Europe Denmark
73%
Europe Ireland
73%
Europe Switzerland
73%
Europe Luxembourg
62%
Europe Monaco
56%
No matching quizzes found
Score Distribution
Percent of People with Each Score
Percentile by Number Answered
Your Score History
You have not taken this quiz